[Event "World Rapid 2025"]
[Site "Doha QAT"]
[Date "2025.12.27"]
[Round "8.115"]
[White "Smirnov, Mark"]
[Black "Rami, Talab"]
[Result "0-1"]
[WhiteTitle "FM"]
[WhiteElo "2420"]
[BlackElo "2173"]
[WhiteFideId "13764594"]
[BlackFideId "7609787"]
[EventDate "2025.12.26"]

1. e4 c6 2. d4 d5 3. Nc3 dxe4 4. Nxe4 Nf6 5. Nxf6+ exf6 6. c3 Bd6 7. Bd3 O-O 8.
Ne2 Qc7 9. Ng3 Re8+ 10. Be3 g6 11. Ne4 Be7 12. g4 f5 13. gxf5 Bxf5 14. h4 Bxe4
15. Bxe4 Bd6 16. Qf3 f5 17. Bxf5 gxf5 18. Qxf5 Qe7 19. O-O-O Rf8 20. Qg4+ Kh8
21. d5 c5 22. Qe6 Qxe6 23. dxe6 Be7 24. Bg5 Nc6 25. Rd7 Rae8 26. Rxb7 Bf6 27.
Rf7 Bg7 28. Rd1 Rxe6 29. Rdd7 Rxf7 30. Rxf7 Kg8 31. Rc7 Be5 32. Rc8+ Kf7 33. f4
Bf6 34. f5 Rd6 35. Bf4 Be5 36. Bg5 h6 37. Rc7+ Ke8 38. Be3 Rf6 39. Rh7 Rxf5 40.
Rxh6 Kd7 41. Kc2 Bf4 42. Rh7+ Kd6 43. Bg1 a6 44. Kb3 Bc1 45. h5 Rd5 46. Bh2+ Ke6
47. Rc7 Na5+ 48. Kc2 Be3 49. b4 Rd2+ 50. Kb1 Nc4 51. Rc6+ Kd5 52. Rxa6 Rb2+ 53.
Ka1 Rxh2 54. a4 Bd2 55. Kb1 Bxc3 56. Kc1 Ne3 57. Kb1 cxb4 0-1

[Event "World Rapid 2025"]
[Site "Doha QAT"]
[Date "2025.12.27"]
[Round "8.116"]
[White "Alsaqer, Meshal"]
[Black "Altini, Nicola"]
[Result "1/2-1/2"]
[BlackTitle "IM"]
[WhiteElo "1853"]
[BlackElo "2360"]
[WhiteFideId "10301771"]
[BlackFideId "833924"]
[EventDate "2025.12.26"]

1. d4 d5 2. Nf3 Nf6 3. c4 e6 4. Qc2 Nbd7 5. Nbd2 c5 6. e3 cxd4 7. Nxd4 Bc5 8.
N2b3 Bb4+ 9. Bd2 Bxd2+ 10. Nxd2 O-O 11. cxd5 Nxd5 12. a3 e5 13. N4f3 Qe7 14. Bc4
N7b6 15. O-O Nxc4 16. Nxc4 f6 17. Rac1 Be6 18. Rfd1 Rac8 19. Qa4 Rxc4 20. Rxc4
Qf7 21. Rcc1 a6 22. h3 g5 23. Rc5 Ne7 24. Rc7 Bb3 25. Rxe7 Bxa4 26. Rxf7 Rxf7
27. Rd8+ Kg7 28. Kf1 Rc7 29. Ke2 Bb5+ 30. Kd2 h5 31. g3 Ba4 32. Ne1 Bd7 33. h4
gxh4 34. gxh4 Bf5 35. f3 Be6 36. Rd6 Kf7 37. Rd8 Ke7 38. Rh8 Rd7+ 39. Kc2 Bf7
40. e4 a5 41. Nd3 a4 42. Nb4 f5 43. Nd5+ Bxd5 44. exd5 Rxd5 45. Rxh5 Rc5+ 46.
Kd2 Rb5 47. Kc2 Ke6 48. Rg5 Rb3 49. Rg6+ Kd5 50. Rg3 Kd4 51. h5 Rb5 52. h6 Rc5+
53. Kd2 Rc7 54. Rh3 Rh7 55. Rh5 b5 56. Ke2 f4 57. Kd2 e4 58. fxe4 Kxe4 59. Ke2
Kd4 60. Rxb5 Rxh6 61. Rb4+ Ke5 62. Rxa4 Kf5 63. Kf3 Rh3+ 64. Kg2 Rd3 65. Ra8 Rb3
66. Rf8+ Ke5 67. Re8+ Kd4 68. Rf8 Ke3 69. Re8+ Kd2 70. Rf8 Ke3 71. Re8+ Kd2 72.
Re4 Rxb2 73. Rxf4 Ke3+ 74. Kg3 Ra2 75. Rf3+ Kd4 1/2-1/2

[Event "World Rapid 2025"]
[Site "Doha QAT"]
[Date "2025.12.27"]
[Round "8.117"]
[White "Anwoir, Tarik"]
[Black "Muntean, Victor"]
[Result "0-1"]
[WhiteElo "2098"]
[BlackElo "2169"]
[WhiteFideId "9004904"]
[BlackFideId "1054414"]
[EventDate "2025.12.26"]

1. e4 e5 2. Nf3 Nc6 3. Bb5 a6 4. Ba4 f5 5. d3 fxe4 6. dxe4 Nf6 7. Nbd2 d6 8. h3
Be7 9. O-O O-O 10. Bb3+ Kh8 11. c3 Qe8 12. Re1 Nh5 13. Nf1 Nd8 14. Ng3 Ne6 15.
Bxe6 Bxe6 16. Nxh5 Qxh5 17. Ng5 Qxd1 18. Rxd1 Bd7 19. Rd3 Bc6 20. Ne6 Bxe4 21.
Re3 d5 22. Nxf8 Rxf8 23. f3 Bg6 24. Rxe5 Bd6 25. Rxd5 Re8 26. Kf2 Bf7 27. Rxd6
cxd6 28. Bf4 Bc4 29. b3 Re2+ 30. Kg3 Be6 31. Bxd6 Kg8 32. Bc5 Kf7 33. Bd4 Rd2
34. Kh2 b5 35. Kg1 Bd5 36. a4 b4 37. a5 Bxb3 38. Kh2 Bd5 39. Kg3 b3 40. Rb1 Bc4
41. Be3 Ra2 42. Kf4 Rxa5 43. Ke4 Ra2 44. Kd4 Be6 45. c4 b2 46. g4 a5 47. Kc3
Ra3+ 48. Kd2 Bxc4 49. Rxb2 Rd3+ 50. Kc1 Rxe3 51. Rb7+ Re7 52. Rb6 Ra7 53. Kb2
Bd5 54. f4 Rb7 0-1

[Event "World Rapid 2025"]
[Site "Doha QAT"]
[Date "2025.12.27"]
[Round "8.118"]
[White "Phuyal, Aashish"]
[Black "Dinham, James"]
[Result "1/2-1/2"]
[WhiteElo "1955"]
[BlackElo "2091"]
[WhiteFideId "12312649"]
[BlackFideId "14327023"]
[EventDate "2025.12.26"]

1. e4 c5 2. Nf3 d6 3. c3 Nf6 4. Be2 Nc6 5. d4 cxd4 6. cxd4 g6 7. O-O Bg7 8. Nc3
O-O 9. h3 d5 10. e5 Ne4 11. Be3 Nxc3 12. bxc3 Na5 13. Nd2 Be6 14. Rc1 Rc8 15.
Qa4 a6 16. Qb4 Qc7 17. a4 Rfd8 18. Bd3 Bf8 19. Qb1 Qc6 20. f4 Nc4 21. Nxc4 dxc4
22. f5 Bd5 23. Bc2 Bxg2 24. Rf2 Bf3 25. Rcf1 Bd5 26. e6 f6 27. fxg6 Qxe6 28. Qe1
Qxh3 29. Rh2 Qg4+ 30. Kf2 e6 31. Qe2 Qxe2+ 32. Kxe2 Bg7 33. Rxh7 b5 34. axb5
axb5 35. Rf2 Ra8 36. Rfh2 Ra2 37. Kd1 Ra1+ 38. Kd2 Ra2 39. Bh6 Bxh6+ 40. R2xh6
Be4 41. Rh8+ Kg7 42. R8h7+ Kg8 43. Rh8+ Kg7 44. R8h7+ Kg8 45. Rh2 Bd5 46. R7h6 1/2-1/2

[Event "World Rapid 2025"]
[Site "Doha QAT"]
[Date "2025.12.27"]
[Round "8.119"]
[White "Damaj, Mohammed"]
[Black "Al Mashikhi, Salim Aliyan"]
[Result "1-0"]
[WhiteTitle "CM"]
[BlackTitle "FM"]
[WhiteElo "2119"]
[BlackElo "1952"]
[WhiteFideId "11501731"]
[BlackFideId "22000046"]
[EventDate "2025.12.26"]

1. d4 d5 2. Nc3 Nf6 3. Bf4 a6 4. e3 g6 5. Nf3 Bg7 6. h4 Bg4 7. Be2 Nbd7 8. Ne5
Bxe2 9. Nxe2 Nxe5 10. Bxe5 h5 11. Nf4 e6 12. c3 Qe7 13. a4 b6 14. f3 Rg8 15. Qb3
Bh6 16. a5 b5 17. Qb4 Bxf4 18. Bxf4 Qxb4 19. cxb4 Kd7 20. Rc1 c6 21. Kf2 Ne8 22.
e4 f6 23. e5 fxe5 24. Bxe5 Nd6 25. Bxd6 Kxd6 26. g4 Raf8 27. Kg3 Rf6 28. Rc3 e5
29. dxe5+ Kxe5 30. g5 Rd6 31. Re1+ Kd4 32. f4 Rc8 33. Kf3 1-0

[Event "World Rapid 2025"]
[Site "Doha QAT"]
[Date "2025.12.27"]
[Round "8.120"]
[White "AlJamaat, Khaled"]
[Black "Blackwood, Ryan"]
[Result "0-1"]
[WhiteElo "1719"]
[BlackElo "1945"]
[WhiteFideId "12102415"]
[BlackFideId "7400640"]
[EventDate "2025.12.26"]

1. e4 d5 2. exd5 Qxd5 3. Nc3 Qa5 4. d4 Nf6 5. Nf3 c6 6. Be3 Bg4 7. h3 Bh5 8. Bc4
e6 9. a3 Nbd7 10. O-O Bd6 11. Be2 h6 12. Nd2 Bxe2 13. Qxe2 Qc7 14. Nc4 Bf4 15.
Bxf4 Qxf4 16. Rad1 O-O 17. a4 Rfd8 18. a5 b5 19. axb6 axb6 20. Rfe1 b5 21. Ne5
Nxe5 22. dxe5 Nd5 23. Nxd5 cxd5 24. Qxb5 Rdb8 25. Qc6 Qb4 26. Ra1 Rxa1 27. Rxa1
Qxb2 28. Re1 Qb4 29. Re3 Qf4 30. g3 Qf5 31. Kg2 g5 32. c4 d4 33. Rf3 Qxe5 34.
Qd7 Rf8 35. Qc6 h5 36. c5 Kg7 37. Qb6 Qe4 38. g4 hxg4 39. hxg4 d3 40. Qd6 0-1

[Event "World Rapid 2025"]
[Site "Doha QAT"]
[Date "2025.12.27"]
[Round "8.121"]
[White "Khayat, Emad"]
[Black "Al-Kuwari, Hamad"]
[Result "0-1"]
[BlackTitle "CM"]
[WhiteElo "1927"]
[BlackElo "1809"]
[WhiteFideId "21518076"]
[BlackFideId "12102679"]
[EventDate "2025.12.26"]

1. d4 d5 2. c4 e6 3. Nf3 Nf6 4. g3 Be7 5. Bg2 O-O 6. O-O dxc4 7. Qc2 a6 8. a4
Bd7 9. Qxc4 Bc6 10. Bg5 Bd5 11. Qc2 Be4 12. Qc1 h6 13. Bxf6 Bxf6 14. Rd1 Nd7 15.
Nc3 Bg6 16. a5 c6 17. e4 Qc7 18. b4 Rac8 19. e5 Be7 20. Qb2 Rfd8 21. Rac1 Qb8
22. Nd2 Bh5 23. Re1 Qa7 24. Nce4 Nf8 25. Nb3 Bxb4 26. Re3 Bg6 27. Nec5 Nd7 28.
Rc4 Bxc5 29. dxc5 Nf8 30. Bf3 Rd7 31. Rc1 Rcd8 32. Be2 Qb8 33. Kg2 Qc7 34. Qc3
Bh7 35. Bh5 Ng6 36. Bxg6 Bxg6 37. Re2 Rd3 38. Qb4 Qd7 39. Kg1 Qd5 40. Na1 Qf3
41. Qe1 Be4 42. Rxe4 Rd1 43. Nc2 Rxc1 0-1

[Event "World Rapid 2025"]
[Site "Doha QAT"]
[Date "2025.12.27"]
[Round "8.122"]
[White "Alkhuriji, Abdulaziz N"]
[Black "Al-Janahi, Ibrahim"]
[Result "1-0"]
[WhiteElo "1972"]
[BlackElo "1656"]
[WhiteFideId "21525919"]
[BlackFideId "12102385"]
[EventDate "2025.12.26"]

1. e4 c5 2. Nf3 Nc6 3. Bb5 g6 4. O-O Bg7 5. Re1 d6 6. c3 Nf6 7. d4 cxd4 8. cxd4
O-O 9. h3 a6 10. Bf1 Re8 11. Nc3 b5 12. Bg5 Bb7 13. e5 dxe5 14. dxe5 Nd7 15. e6
Nf6 16. exf7+ Kxf7 17. Qb3+ e6 18. Rad1 Qe7 19. Nd5 Qc5 20. Nc7 Nd4 21. Nxd4
Qxc7 22. Nxe6 Qb6 23. Nd8+ 1-0

[Event "World Rapid 2025"]
[Site "Doha QAT"]
[Date "2025.12.27"]
[Round "9.3"]
[White "Shimanov, Aleksandr"]
[Black "Niemann, Hans Moke"]
[Result "0-1"]
[WhiteTitle "GM"]
[BlackTitle "GM"]
[WhiteElo "2578"]
[BlackElo "2725"]
[WhiteFideId "4198603"]
[BlackFideId "2093596"]
[EventDate "2025.12.26"]

1. d4 Nf6 2. Bg5 d5 3. Nd2 c5 4. Bxf6 exf6 5. dxc5 Bxc5 6. e3 Nc6 7. c3 O-O 8.
Nb3 Bb6 9. Nf3 Ne5 10. Be2 Bc7 11. O-O a6 12. Qc2 Qe7 13. Rad1 Rd8 14. Nbd4 g6
15. Qb3 Rb8 16. Rd2 Kg7 17. Rfd1 h5 18. Nc2 Be6 19. Ncd4 Bd7 20. Nc2 Be6 21.
Ncd4 Bg4 22. h3 Bd7 23. Nc2 Qe8 24. Rd4 a5 25. a4 Bc6 26. Na3 Nxf3+ 27. Bxf3 Be5
28. Rxd5 Rxd5 29. Rxd5 Bxd5 30. Bxd5 b6 31. Nb5 Qd7 32. c4 Qf5 33. Na3 Bd6 34.
Nc2 Qe5 35. Ne1 f5 36. Nd3 Qf6 37. Qb5 f4 38. exf4 Bxf4 39. g3 Bd6 40. Qc6 Qe7
41. h4 Bc7 42. Kg2 Rd8 43. Qb5 Qf6 44. Ne1 Bd6 45. Qxb6 Rb8 46. Qa7 Rxb2 47. Nf3
Qe7 48. Qd4+ Qf6 49. Qa7 Be7 50. Qxa5 Bd8 51. Qe1 Bb6 52. Qe4 Rxf2+ 53. Kh3 Bc7
54. c5 Qa1 55. Ne1 Qc3 56. Nf3 0-1

[Event "World Rapid 2025"]
[Site "Doha QAT"]
[Date "2025.12.27"]
[Round "9.4"]
[White "Gukesh, D"]
[Black "Abdusattorov, Nodirbek"]
[Result "0-1"]
[WhiteTitle "GM"]
[BlackTitle "GM"]
[WhiteElo "2754"]
[BlackElo "2732"]
[WhiteFideId "46616543"]
[BlackFideId "14204118"]
[EventDate "2025.12.26"]

1. Nf3 d5 2. g3 c5 3. Bg2 Nf6 4. O-O g6 5. c4 Bg7 6. d4 cxd4 7. Nxd4 O-O 8. cxd5
Nxd5 9. Nb3 Nb4 10. Nc3 N8c6 11. Bf4 Bf5 12. a3 Na6 13. Rc1 Rc8 14. Na4 Qe8 15.
e4 Be6 16. Nbc5 Rd8 17. Qe1 Nd4 18. Kh1 b6 19. Nxa6 Qxa4 20. Nb4 Bg4 21. Nd5 Be2
22. Nxe7+ Kh8 23. Rg1 Qb5 24. Qb4 Qxb4 25. axb4 Nf3 26. Nc6 Rc8 27. Nxa7 Ra8 28.
Rc7 Nxg1 29. Kxg1 g5 30. Bd6 Rad8 31. e5 Bxe5 32. Bxe5+ f6 33. Be4 Rd1+ 34. Kg2
fxe5 35. f3 g4 36. f4 Bf3+ 37. Bxf3 Rd2+ 38. Kf1 gxf3 39. fxe5 Rxh2 40. e6 f2
41. Rf7 Rxf7 42. exf7 Kg7 43. Nc8 Rh6 44. Kxf2 Kxf7 45. Kf3 Rc6 46. Na7 Rc4 47.
b5 Ke6 48. Nc6 h5 49. b3 Rg4 50. b4 Kd6 51. Kf2 Kd5 52. Kf3 Rg7 53. Kf4 0-1

[Event "World Rapid 2025"]
[Site "Doha QAT"]
[Date "2025.12.27"]
[Round "9.5"]
[White "Mamedov, Rauf"]
[Black "Vachier-Lagrave, Maxime"]
[Result "1/2-1/2"]
[WhiteTitle "GM"]
[BlackTitle "GM"]
[WhiteElo "2645"]
[BlackElo "2734"]
[WhiteFideId "13401653"]
[BlackFideId "623539"]
[EventDate "2025.12.26"]

1. e4 c5 2. c3 d5 3. exd5 Qxd5 4. d4 Nc6 5. Nf3 Bf5 6. Be2 cxd4 7. cxd4 Bxb1 8.
Rxb1 e6 9. O-O Nf6 10. b4 Bd6 11. b5 Ne7 12. Ne5 O-O 13. Bc4 Qe4 14. Bd3 Qd5 15.
Bc4 1/2-1/2

[Event "World Rapid 2025"]
[Site "Doha QAT"]
[Date "2025.12.27"]
[Round "9.7"]
[White "Erdogmus, Yagiz Kaan"]
[Black "Nihal, Sarin"]
[Result "1-0"]
[WhiteTitle "GM"]
[BlackTitle "GM"]
[WhiteElo "2658"]
[BlackElo "2701"]
[WhiteFideId "44599790"]
[BlackFideId "25092340"]
[EventDate "2025.12.26"]

1. e4 c5 2. Nf3 d6 3. Bb5+ Bd7 4. Bxd7+ Nxd7 5. O-O Ngf6 6. Qe2 Rc8 7. c4 Ne5 8.
b3 Nc6 9. Bb2 e5 10. d3 g6 11. Bc1 h6 12. Nc3 Bg7 13. g3 O-O 14. Kg2 Re8 15. h4
a6 16. a4 b6 17. Be3 Nd4 18. Qd1 Qd7 19. Rb1 Nc6 20. h5 g5 21. Nh2 Kh8 22. f4
gxf4 23. gxf4 exf4 24. Bxf4 Rg8 25. Qf3 Nd4 26. Qh3 Qxh3+ 27. Kxh3 Nxh5 28. Bxd6
Rcd8 29. Be7 Rd7 30. Nd5 Nc6 31. Bh4 Bd4 32. Ng4 Rg6 33. Nxb6 Rb7 34. Nd5 Ng7
35. Nf4 Rd6 36. Nd5 Rg6 37. Nf4 Rd6 38. Bg3 Kh7 39. Nd5 Rg6 40. Nf4 Rd6 41. e5
Rd8 42. Nd5 h5 43. Ngf6+ Kh8 44. Ne4 Nxe5 45. Bxe5 Bxe5 46. Nxc5 Ra7 47. b4 Bd6
48. Rf6 Ne8 49. Rh6+ Kg7 50. Rxh5 Kg6 51. Rh4 f6 52. Rg1+ Kf5 53. Rh5# 1-0

[Event "World Rapid 2025"]
[Site "Doha QAT"]
[Date "2025.12.27"]
[Round "9.8"]
[White "Le, Quang Liem"]
[Black "Mamedyarov, Shakhriyar"]
[Result "0-1"]
[WhiteTitle "GM"]
[BlackTitle "GM"]
[WhiteElo "2731"]
[BlackElo "2730"]
[WhiteFideId "12401137"]
[BlackFideId "13401319"]
[EventDate "2025.12.26"]

1. d4 Nf6 2. Nf3 d5 3. c3 e6 4. Bf4 Bd6 5. e3 O-O 6. Nbd2 b6 7. Ne5 c5 8. h4 Qc7
9. h5 Nc6 10. h6 g6 11. Ng4 Nd7 12. Bxd6 Qxd6 13. f4 a5 14. g3 Ba6 15. Bxa6 Rxa6
16. Qe2 Ra7 17. a4 f6 18. Rd1 Rb7 19. O-O Rfb8 20. Qh2 b5 21. axb5 Rxb5 22. b3
R5b7 23. Ra1 Rc7 24. Rfe1 Qf8 25. Re2 f5 26. Nf2 Nf6 27. Qh3 Rbc8 28. g4 cxd4
29. exd4 Nd8 30. Re3 fxg4 31. Nxg4 Nxg4 32. Qxg4 Rxc3 33. Rxc3 Rxc3 34. Rxa5 Qb4
35. Ra8 Qxd4+ 36. Kf1 Qd3+ 37. Qe2 Qh3+ 38. Qg2 Rc1+ 39. Kf2 Qd3 40. Rxd8+ Kf7
41. Nf3 Rc2+ 42. Kg3 Rxg2+ 43. Kxg2 Qc2+ 44. Kg3 Ke7 45. Rh8 g5 46. fxg5 e5 47.
Rg8 e4 48. Nh4 e3 49. g6 Qf2+ 50. Kg4 e2 51. Nf3 Qg2+ 52. Kf4 Qf2 53. Kg4 Qg2+
54. Kf4 Qh1 55. gxh7 Qxh6+ 56. Rg5 Kd6 57. h8=Q Qxh8 58. Ke3 Qe8+ 59. Kf2 Qe4
60. Rg3 d4 61. Ne1 Qf4+ 62. Rf3 Qh2+ 63. Ng2 Qxg2+ 64. Kxg2 e1=Q 0-1

[Event "World Rapid 2025"]
[Site "Doha QAT"]
[Date "2025.12.27"]
[Round "9.9"]
[White "Sindarov, Javokhir"]
[Black "Anton Guijarro, David"]
[Result "1-0"]
[WhiteTitle "GM"]
[BlackTitle "GM"]
[WhiteElo "2726"]
[BlackElo "2646"]
[WhiteFideId "14205483"]
[BlackFideId "2285525"]
[EventDate "2025.12.26"]

1. e4 c6 2. Nf3 d5 3. d3 dxe4 4. dxe4 Qxd1+ 5. Kxd1 Nf6 6. Nbd2 Nbd7 7. Ne1 h5
8. Nd3 g6 9. a4 a5 10. f3 Bh6 11. Nc4 Bxc1 12. Kxc1 h4 13. Ra3 Nh5 14. Kd2 Ng7
15. Ke3 f6 16. Be2 Kd8 17. Rd1 Kc7 18. Rc3 g5 19. f4 gxf4+ 20. Nxf4 e5 21. Ng6
Rh6 22. Ne7 Nc5 23. Nxc8 Rxc8 24. Nxa5 Nxa4 25. Ra3 Nc5 26. Bg4 Rb8 27. b4 Nce6
28. Rad3 Nd4 29. c3 f5 30. cxd4 fxg4 31. dxe5 Ne6 32. Rd7+ Kb6 33. R1d6 Rg6 34.
Rf7 g3 35. h3 Kb5 36. Rxb7+ Rxb7 37. Nxb7 Nf8 38. Rf6 Rg8 39. e6 Ng6 40. Rxg6
Rxg6 41. e7 Re6 42. e8=Q 1-0

[Event "World Rapid 2025"]
[Site "Doha QAT"]
[Date "2025.12.27"]
[Round "9.10"]
[White "Dominguez Perez, Leinier"]
[Black "Iturrizaga Bonelli, Eduardo"]
[Result "1-0"]
[WhiteTitle "GM"]
[BlackTitle "GM"]
[WhiteElo "2738"]
[BlackElo "2592"]
[WhiteFideId "3503240"]
[BlackFideId "3901211"]
[EventDate "2025.12.26"]

1. e4 c6 2. d4 d5 3. e5 Bf5 4. Nf3 e6 5. Be2 a5 6. O-O Nd7 7. c3 Bg6 8. Ne1 Nh6
9. Nd3 Be7 10. Nd2 Qb6 11. Nf4 Nf5 12. Nf3 a4 13. g3 O-O 14. h4 Nh6 15. Nxg6
fxg6 16. Rb1 Nf5 17. Kg2 h5 18. Be3 c5 19. Bd3 Qc6 20. Qe2 c4 21. Bc2 a3 22. b4
Nb6 23. Bg5 Bxg5 24. Nxg5 Na4 25. Qd2 Nb2 26. Nh3 Rac8 27. Qg5 Qe8 28. Nf4 Kh7
29. g4 hxg4 30. h5 Nd3 31. hxg6+ Kg8 32. Bxd3 cxd3 33. Rh1 Qe7 34. Qxe7 Nxe7 35.
Nxe6 Rf3 36. Rh7 Nf5 37. Rbh1 Rh3 38. R1xh3 gxh3+ 39. Rxh3 Rxc3 40. Nf4 Nh4+ 41.
Kh2 Nxg6 42. Rxd3 Rxd3 43. Nxd3 Ne7 44. Ne1 Nc6 45. Nc2 b5 46. Kg3 Kf7 47. Kg4
g6 48. Kg5 Nd8 49. Kf4 Ke6 50. Nxa3 1-0

[Event "World Rapid 2025"]
[Site "Doha QAT"]
[Date "2025.12.27"]
[Round "9.11"]
[White "So, Wesley"]
[Black "Aravindh, Chithambaram VR."]
[Result "1-0"]
[WhiteTitle "GM"]
[BlackTitle "GM"]
[WhiteElo "2753"]
[BlackElo "2703"]
[WhiteFideId "5202213"]
[BlackFideId "5072786"]
[EventDate "2025.12.26"]

1. e4 c6 2. d4 d5 3. e5 Bf5 4. Nf3 e6 5. Be2 a6 6. O-O c5 7. Be3 Nd7 8. c3 Ne7
9. dxc5 Nc6 10. b4 Ndxe5 11. Nxe5 Nxe5 12. Nd2 Be7 13. f4 Nc6 14. g4 Bg6 15. f5
exf5 16. gxf5 Bg5 17. Bd4 Nxd4 18. cxd4 Qf6 19. fxg6 Qxd4+ 20. Kh1 Bxd2 21. Qa4+
Kf8 22. Qd7 Qe4+ 23. Rf3 1-0

[Event "World Rapid 2025"]
[Site "Doha QAT"]
[Date "2025.12.27"]
[Round "9.12"]
[White "Dubov, Daniil"]
[Black "Matlakov, Maxim"]
[Result "1/2-1/2"]
[WhiteTitle "GM"]
[BlackTitle "GM"]
[WhiteElo "2672"]
[BlackElo "2606"]
[WhiteFideId "24126055"]
[BlackFideId "4168003"]
[EventDate "2025.12.26"]

1. e4 c5 2. Nf3 e6 3. Nc3 a6 4. g3 b5 5. d4 cxd4 6. Nxd4 Bb7 7. Bg2 Nf6 8. O-O
b4 9. Nd5 exd5 10. exd5 Bc5 11. Re1+ Kf8 12. Be3 Qb6 13. c3 a5 14. Rc1 Na6 15.
cxb4 axb4 16. Nf5 Bxe3 17. Nxe3 d6 18. Nc4 Qd8 19. Qd4 Rc8 20. Qf4 Ne8 21. Rxe8+
Qxe8 22. Nxd6 Rxc1+ 23. Qxc1 Qd7 24. Nxb7 Qxb7 25. d6 Qd7 26. Qc4 Nb8 27. Qxb4
Qd8 28. a4 h5 29. Qc5 Nd7 30. Qa7 Rh6 31. Qc7 Qb8 32. Qxd7 Rxd6 33. Qf5 g6 34.
Qc5 Kg7 35. Bd5 Qd8 36. Bf3 Qf6 37. Kg2 Rd3 38. Be4 Rb3 39. h4 Rxb2 40. a5 Ra2
41. Bb7 Qa1 42. a6 Rxa6 43. Bxa6 Qxa6 1/2-1/2

[Event "World Rapid 2025"]
[Site "Doha QAT"]
[Date "2025.12.27"]
[Round "9.13"]
[White "Yu, Yangyi"]
[Black "Makarian, Rudik"]
[Result "1/2-1/2"]
[WhiteTitle "GM"]
[BlackTitle "GM"]
[WhiteElo "2717"]
[BlackElo "2524"]
[WhiteFideId "8603820"]
[BlackFideId "44105681"]
[EventDate "2025.12.26"]

1. c4 e6 2. Nc3 d5 3. d4 Nf6 4. cxd5 exd5 5. Bg5 c6 6. e3 Bf5 7. Bd3 Bxd3 8.
Qxd3 Be7 9. Nge2 Na6 10. O-O Nc7 11. Bh4 O-O 12. f3 Ne6 13. Rad1 Nh5 14. Bf2 f5
15. Ng3 Nxg3 16. Bxg3 Bd6 17. Ne2 a5 18. Kh1 Bxg3 19. Nxg3 g6 20. Ne2 Qd6 21. f4
Qb4 22. a3 Qc4 23. Qd2 Nc7 24. Ng1 Ne8 25. Nf3 Nd6 26. Ne5 Qb3 27. Qe2 Nc4 28.
Rd3 Qb5 29. Rf2 a4 30. Rc3 Nd6 31. Qxb5 Nxb5 32. Rc1 Nd6 33. Rfc2 Ra5 34. Rc5
Ra6 35. R5c2 Re8 36. Kg1 Rb6 37. Nd7 Rb3 38. Nf6+ Kf7 39. Nxe8 Kxe8 40. Kf2 Kd7
41. Kf3 1/2-1/2

[Event "World Rapid 2025"]
[Site "Doha QAT"]
[Date "2025.12.27"]
[Round "9.14"]
[White "Lazavik, Denis"]
[Black "Andreikin, Dmitry"]
[Result "1-0"]
[WhiteTitle "GM"]
[BlackTitle "GM"]
[WhiteElo "2605"]
[BlackElo "2710"]
[WhiteFideId "13515110"]
[BlackFideId "4158814"]
[EventDate "2025.12.26"]

1. c4 e5 2. Nc3 d6 3. Nf3 f5 4. d4 e4 5. Ng1 c6 6. Bf4 g5 7. Bc1 Bg7 8. h4 h6 9.
e3 Nf6 10. hxg5 hxg5 11. Rxh8+ Bxh8 12. Nh3 Na6 13. Nxg5 Ng4 14. Nh3 Qh4 15. a3
Be6 16. Qc2 O-O-O 17. Bd2 Rg8 18. O-O-O Nc7 19. Be1 Nh2 20. Qe2 Bf7 21. Nf4 Nxf1
22. Qxf1 Qh2 23. Kb1 Bf6 24. d5 cxd5 25. cxd5 Kb8 26. Nce2 Bh5 27. Nxh5 Qxh5 28.
Bc3 Bxc3 29. Nxc3 Qg4 30. g3 Rh8 31. Qc4 Qg7 32. Ka2 Rc8 33. Qd4 Qxd4 34. Rxd4
Rg8 35. Rd1 Rh8 36. g4 Rh2 37. Rd2 fxg4 38. Nxe4 a6 39. Kb3 Rh5 40. Nf6 Rg5 41.
Kc2 b5 42. e4 g3 43. fxg3 Rxg3 44. Nh5 Rf3 45. Ng7 b4 46. axb4 Re3 47. Rd4 Nb5
48. Rc4 Re2+ 49. Kb3 Re3+ 50. Ka2 Kb7 51. Nf5 Re1 52. Nd4 Nxd4 53. Rxd4 Kb6 54.
Kb3 Kb5 55. Kc3 Re2 56. b3 Re3+ 57. Kb2 Re2+ 58. Ka3 Re1 59. Rc4 Ra1+ 60. Kb2
Re1 61. Kc3 Re3+ 62. Kc2 Re1 63. Kd2 Rh1 64. Rc6 Rh6 65. Kc3 Rg6 66. Rc8 Rg3+
67. Kd4 Rxb3 68. Rb8+ Ka4 69. Rb6 Rxb4+ 70. Rxb4+ Kxb4 71. e5 dxe5+ 72. Kxe5 a5
73. d6 a4 74. d7 a3 75. d8=Q a2 76. Qd4+ 1-0

[Event "World Rapid 2025"]
[Site "Doha QAT"]
[Date "2025.12.27"]
[Round "9.15"]
[White "Movahed, Sina"]
[Black "Maghsoodloo, Parham"]
[Result "0-1"]
[WhiteTitle "GM"]
[BlackTitle "GM"]
[WhiteElo "2596"]
[BlackElo "2708"]
[WhiteFideId "42520835"]
[BlackFideId "12539929"]
[EventDate "2025.12.26"]

1. e4 c5 2. Nf3 d6 3. d4 cxd4 4. Nxd4 Nf6 5. Nc3 a6 6. Bg5 Nbd7 7. Bc4 e6 8. Qe2
h6 9. Bxf6 Qxf6 10. O-O-O Ne5 11. g3 Bd7 12. f4 Nxc4 13. Qxc4 Rc8 14. Qd3 Be7
15. e5 dxe5 16. Ne4 Qg6 17. Nf5 Bb5 18. Nfd6+ Kf8 19. Nxb5 axb5 20. Qd7 Rc4 21.
Rhe1 Kg8 22. Qxb7 Bb4 23. c3 exf4 24. a3 Bf8 25. gxf4 Kh7 26. Rd7 f5 27. Nd2
Rxf4 28. Qxb5 Rf2 29. Qb6 Rxh2 30. Nf3 Qg3 31. Rf1 Qf4+ 32. Kb1 Re2 33. Qb5 Qe4+
34. Rd3 Bxa3 35. Qa6 Ra8 0-1

[Event "World Rapid 2025"]
[Site "Doha QAT"]
[Date "2025.12.27"]
[Round "9.16"]
[White "Praggnanandhaa, R"]
[Black "Kosakowski, Jakub"]
[Result "1/2-1/2"]
[WhiteTitle "GM"]
[BlackTitle "GM"]
[WhiteElo "2761"]
[BlackElo "2549"]
[WhiteFideId "25059530"]
[BlackFideId "1185080"]
[EventDate "2025.12.26"]

1. c4 e5 2. Nc3 Nf6 3. Nf3 Nc6 4. g3 d5 5. cxd5 Nxd5 6. Bg2 Nb6 7. O-O Be7 8. d3
O-O 9. a3 Be6 10. Rb1 f6 11. Be3 Nd4 12. b4 Qd7 13. Ne4 Nxf3+ 14. Bxf3 Nd5 15.
Bd2 Rfd8 16. Qc2 Bg4 17. Bxg4 Qxg4 18. Rfe1 Qe6 19. Qc4 Kh8 20. a4 Qd7 21. b5
Rac8 22. a5 c6 23. bxc6 Rxc6 24. Qb3 Rc7 25. Rec1 Rdc8 26. Rc4 h6 27. Rbc1 Rc6
28. Be1 a6 29. Rb1 R6c7 30. Rbc1 Rc6 31. Rb1 R6c7 32. Rbc1 1/2-1/2

[Event "World Rapid 2025"]
[Site "Doha QAT"]
[Date "2025.12.27"]
[Round "9.17"]
[White "Sevian, Samuel"]
[Black "Bai, Jinshi"]
[Result "1-0"]
[WhiteTitle "GM"]
[BlackTitle "GM"]
[WhiteElo "2688"]
[BlackElo "2599"]
[WhiteFideId "2040506"]
[BlackFideId "8602280"]
[EventDate "2025.12.26"]

1. c4 c5 2. Nf3 Nf6 3. Nc3 e6 4. e3 a6 5. d4 d5 6. cxd5 exd5 7. Bd3 Nc6 8. O-O
Bg4 9. Re1 Be7 10. dxc5 O-O 11. Na4 Ne4 12. Be2 Nxc5 13. Nxc5 Bxc5 14. Bd2 Rc8
15. Rc1 Ba7 16. Bc3 Re8 17. h3 Bh5 18. Qb3 Qd7 19. Rcd1 Rcd8 20. Rd2 Re6 21. Ng5
Rh6 22. Bxh5 Rxh5 23. Nf3 b5 24. Red1 Qe6 25. a3 h6 26. Bd4 Bb8 27. Qd3 Rf5 28.
Qe2 Re8 29. Rc2 Qd6 30. Bc5 Qf6 31. Rdc1 Kh7 32. Bb6 Ne5 33. Nd4 Rg5 34. Bc7
Bxc7 35. Rxc7 Ng6 36. Qf3 Qe5 37. Qxf7 Nh4 38. g4 Qe4 39. Kf1 Qd3+ 40. Ne2 Qe4
41. Ng3 Qg2+ 42. Ke2 Rxe3+ 43. Kxe3 d4+ 44. Kd3 Nf3 45. Qf4 Qxf2 46. Qe4+ Rg6
47. Rxg7+ Kxg7 48. Nh5+ Kh8 49. Rc8+ Rg8 50. Rxg8+ Kxg8 51. Qe8+ 1-0